01957 2200193 4500001002100000008004700021035002000068245007900088100002300167250001000190260002300200300003200223020001800255084001800273520142200291082001201713650002601725990001201751INLIS000000000002227 Indonesia  a0010-1224000151 aPedoman Pemeriksaan Laboratorium & Diagnostik (edisi 6)cJoyce LeFever Kee aKee, Joyce LeFever aed. 6 aJakartabEGCc2007 axx, 856 hal;c15,5 x 24 cm. a979-448-813-5 a616.075 KEE p aSetiap harinya ratusan ribu uji Laboratorium dan diagnostik dilakukan sehingga tanggung jawab perawat selalu mengalami peningkatan dari hari-ke hari. Perawat harus memahami uji diagnostik dan laboratorium,serta harus menerapkan implikasi keperawatan melalui pengkajian,pemutusan,pengimplementasian,pendidikan serta interaksi keperawatan. Pedoman Pemeriksaan Laboratorium dan Diagnostik. Edisi ke 6 dirancang untuk memberi informasi yang diperlukan kepeada perawat serta anggota profesi kesehatan lain mengenai uji laboratorium dan diagnostik serta implikasi keperawatan yang berkaitan. Buku ini memberi uraian informasi yang cepat dan relevan tentang pengujian,menekankan pada tujuan,prosedur,serta implikasi keperawatan beserta rasionalnya. Nilai rujukan diberikan untuk kelompok dewasa dan anak. Pada halaman awal setiap bab dilengkapi daftar isi bab secara alfabetis sehinga memudahkan pengguna buku ini mencari akses informasi cepat tentang uji. Buku ini merupakan sajian yang tepat bagi mahasiswa di berbagai jenis program keperawatan,termasuk mahasiswa Program S-2,S-1, Diploma III,serta para praktisi keperawatan. Buku ini menjadi referensi yang sangat berguna bagi perawat terdaptar dan perawat yang telah memiliki sertifikat di berbagai ruang rawat inap di rumah sakit,termasuk area khusus seperti ruang unit perawatan intensif dan ruang gawat darurat, klinik ,praktik pribadi, Serta rumah perawatan lainnya. a616.075 aDiagnosa Laboratorium a0002826